UCL WINNERS - Estadísticas

Estadísticas generales
  • Esta prueba ha sido intentada 77 veces
  • La puntuación promedio es 8 de 10
Answers on the Grid
Answers color-coded by a green-red scale on the quiz's grid according to % correct below.
Real Madrid
FC Barcelona
Arsenal
Schalke 04
Aston Villa
Chelsea
Liverpool
Valencia CF
Hamburger SV
Manchester City
Atlético de Madrid
Wolverhampton
Dynamo Kyiv
Athletic CLub
Manchester United
West Ham United
Tottenham Hotspur
Bayern München
Bayer Leverkusen
Red Star Belgrade
 
Estadísticas de respuestas
Respuesta % Correcto
FC Barcelona
96%
Real Madrid
96%
Chelsea
84%
Bayern München
80%
Liverpool
80%
Manchester City
80%
Manchester United
76%
Aston Villa
72%
Hamburger SV
68%
Red Star Belgrade
68%
No se encontraron pruebas coincidentes
Distribución de puntuación
Porcentaje de gente con cada puntuación
Porcentaje por número respondido
Historial de tus puntuaciones
No has intentado esta prueba.